000 00639nam a2200181 a 4500
003 AM-YeHGA
005 20250617160051.0
008 131025s1925 ||| r 000 0 rus d
040 _aAM-YeHGA
041 0 _arus
100 1 _aГамкрелидзе, Л.
245 1 0 _aСостояние внутренней торговли Закавказья /
_cЛ. Гамкрелидзе.
260 _aТифлис :
_bНаркомвнуторг ЗСФСР,
_c1925.
300 _a21 с. :
_bтабл.
651 4 _aЗакавказье
_xТорговля
653 0 _aТорговля - Закавказье - История
090 _c447935
999 _c445097
_d445097